Top 50 Albums from 1970 - Statistics

General Stats
  • This quiz has been taken 13 times
  • The average score is 16 of 50
Answer Stats
Artist Album % Correct
#36: The Beatles Let It Be
100%
#6: Led Zeppelin Led Zeppelin III
82%
#1: Black Sabbath Paranoid
82%
#12: Simon and Garfunkel Bridge Over Troubled Water
73%
#10: George Harrison All Things Must Pass
64%
#3: Black Sabbath Black Sabbath
64%
#4: Neil Young After the Gold Rush
55%
#32: Pink Floyd Atom Heart Mother
55%
#14: John Lennon / Plastic Ono Band John Lennon / Plastic Ono Band
55%
#28: The Doors Morrison Hotel
55%
#2: Miles Davis Bitches Brew
45%
#7: Creedence Clearwater Revival Cosmo's Factory
45%
#22: The Velvet Underground Loaded
45%
#26: Cat Stevens Tea for the Tillerman
45%
#13: Deep Purple Deep Purple in Rock
36%
#16: Crosby, Stills, Nash & Young Déjà Vu
36%
#5: The Stooges Fun House
36%
#44: Funkadelic Funkadelic
36%
#40: Syd Barrett The Madcap Laughs
36%
#18: Santana Abraxas
27%
#38: Caravan If I Could Do It All Over Again, I'd Do It All Over You
27%
#35: Andrew Lloyd Webber and Tim Rice Jesus Christ Superstar
27%
#45: Traffic John Barleycorn Must Die
27%
#25: Derek and the Dominoes Layla and Other Assorted Love Songs
27%
#48: King Crimson Lizard
27%
#11: Van Morrison Moondance
27%
#15: Soft Machine Third
27%
#19: Amon Düül II Yeti
27%
#31: Grateful Dead American Beauty
18%
#8: Nick Drake Bryter Layter
18%
#9: Curtis Mayfield Curtis
18%
#17: Nico Desertshore
18%
#21: Exuma Exuma
18%
#20: Van der Graaf Generator H to He Who Am the Only One
18%
#47: Joni Mitchell Ladies of the Canyon
18%
#50: Captain Beefheart & the Magic Band Lick My Decals Off, Baby
18%
#27: The Kinks Lola Versus Powerman and the Moneygoround (Part One)
18%
#41: Tim Buckley Lorca
18%
#23: Tim Buckley Starsailor
18%
#39: Rodriguez Cold Fact
9%
#49: Pharoah Sanders Deaf Dumb Blind (Summun Bukmun Umyun)
9%
#24: Jorge Ben Fôrça Bruta
9%
#29: T2 It'll All Work Out in Boomland
9%
#43: Vashti Bunyan Just Another Diamond Day
9%
#30: Art Ensemble of Chicago Les Stances à Sophie
9%
#34: Alice Coltrane Ptah, the El Daoud
9%
#33: Mutantes A Divina Comédia ou Ando Meio Desligado
0%
#46: Fabrizio De André La Buona Novella
0%
#37: Academy of St Martin in the Fields / Neville Marriner / Alan Loveda The Four Seasons
0%
#42: Spirit Twelve Dreams of Dr. Sardonicus
0%
No matching quizzes found
Score Distribution
Percent of People with Each Score
Percentile by Number Answered
Your Score History
You have not taken this quiz